Tecnología, rama del metal, sección mecánica, especialidad ajustador, formación profesional industrial, tercer curso de aprendizaje industrial / (Record no. 171766)

MARC details
000 -LEADER
campo de control de longitud fija 00790nam a22002055i 4500
001 - NÚMERO DE CONTROL
campo de control 171766
003 - IDENTIFICADOR DE NÚMERO DE CONTROL
campo de control ES-MaACL
005 - FECHA Y HORA DE LA ÚLTIMA TRANSACCIÓN
campo de control 20250814051552.0
008 - DATOS DE LONGITUD FIJA--INFORMACIÓN GENERAL
campo de control de longitud fija 090528s1966 sp |||| | spa d
080 ## - NÚMERO DE LA CLASIFICACIÓN DECIMAL UNIVERSAL
Número de la Clasificación Decimal Universal 621.757(075.3)
100 1# - ENTRADA PRINCIPAL--NOMBRE DE PERSONA
Nombre de persona Solar, Z. C.
9 (RLIN) 140242
245 10 - MENCIÓN DEL TÍTULO
Título Tecnología, rama del metal, sección mecánica, especialidad ajustador, formación profesional industrial, tercer curso de aprendizaje industrial /
Mención de responsabilidad, etc. por Z. C. Solar.
260 ## - PUBLICACIÓN, DISTRIBUCIÓN, ETC.
Lugar de publicación, distribución, etc. León :
Nombre del editor, distribuidor, etc. Everest,
Fecha de publicación, distribución, etc. 1966.
300 ## - DESCRIPCIÓN FÍSICA
Extensión 360 p. :
Otras características físicas il. ;
Dimensiones 21 cm.
490 1# - MENCIÓN DE SERIE
Mención de serie Biblioteca Tecnológica de la Fabricación Mecánica
650 #4 - PUNTO DE ACCESO ADICIONAL DE MATERIA--TÉRMINO DE MATERIA
Término de materia o nombre geográfico como elemento de entrada Práctica de taller.
9 (RLIN) 16334
830 00 - PUNTO DE ACCESO ADICIONAL DE SERIE-TÍTULO UNIFORME
Título uniforme Biblioteca tecnológica de la fabricación mecánica
9 (RLIN) 180851
852 ## - LOCALIZACIÓN
Ubicación ES-MaACL
Número de control de estantería C-34105
itemnumber R.64882
Holdings
Estatus retirado Estado de pérdida Estado de daño No para préstamo Biblioteca de origen Biblioteca actual Ubicación en estantería Fecha de adquisición Fuente de adquisición Total de préstamos Signatura topográfica completa Código de barras Visto por última vez Precio de reemplazo Tipo de ítem Koha
        Biblioteca del Ateneo de Madrid Biblioteca del Ateneo de Madrid Depósito 2 28/05/2009     C-34105 1180263 23/02/2023 23/02/2023 Libro impreso